Campeões da Stock Car Brasil - Statistics

Estatísticas Gerais
  • Esse quiz foi jogado 23 vezes
  • A pontuação média é 30 de 40
Estatísticas das Respostas
Ano Piloto % Correto
2014 Rubens Barrichello
100%
2006 Cacá Bueno
95%
2007 Cacá Bueno
95%
2009 Cacá Bueno
95%
2011 Cacá Bueno
95%
2012 Cacá Bueno
95%
1980 Ingo Hoffmann
95%
1985 Ingo Hoffmann
95%
1989 Ingo Hoffmann
95%
1990 Ingo Hoffmann
95%
1994 Ingo Hoffmann
95%
1996 Ingo Hoffmann
95%
1997 Ingo Hoffmann
95%
1998 Ingo Hoffmann
95%
2002 Ingo Hoffmann
95%
1991 Ingo Hoffmann/Ângelo Giombelli
95%
1992 Ingo Hoffmann/Ângelo Giombelli
95%
1993 Ingo Hoffmann/Ângelo Giombelli
95%
1999 Chico Serra
84%
2000 Chico Serra
84%
2001 Chico Serra
84%
2017 Daniel Serra
84%
2018 Daniel Serra
84%
2016 Felipe Fraga
74%
2015 Marcos Gomes
74%
1979 Paulo Gomes
74%
1983 Paulo Gomes
74%
1984 Paulo Gomes
74%
1995 Paulo Gomes
74%
2008 Ricardo Maurício
68%
2013 Ricardo Maurício
68%
2010 Max Wilson
47%
2003 David Muffato
42%
2004 Giuliano Losacco
42%
2005 Giuliano Losacco
42%
1981 Affonso Giaffone Jr.
37%
1987 Zeca Giaffone
37%
1988 Fábio Sotto Mayor
32%
1986 Marcos Gracia
26%
1982 Olimpio Alencar Jr.
21%
Nenhum quiz correspondente encontrado
Distribuição das Pontuações
Porcentagem de Pessoas com Cada Pontuação
Percentil de Números Respondidos
Sua Pontuação Histórica
Você não jogou esse quiz